000 00618nam a2200205 ar4500
001 4294
005 20221127090915.0
008 150805s xxka 00110 eng d
020 _c9781408255667(pbk)
082 0 4 _a658
_bM312 2011
245 0 0 _aManagement /
_cStephen P. Robbins ... [et al.].
250 _aArab World edition.
260 _aHarlow, England :
_bPearson,
_c2011.
300 _axx, 540 p. :
_bcol. ill. ;
_c28 cm.
500 _aStudent access code inside at the back.
504 _aIncludes bibl. references and index..
650 4 _aBusiness.
650 4 _aManagement.
700 0 _aRobbins, Stephen P.
999 _c4292
_d4292